Salón Nacional de Artes Plásticas : Sección Bienal de Gráfica : México, 1977 /
Guardat en:
| Autor corporatiu: | |
|---|---|
| Altres autors: | , , |
| Format: | Actes de congresos Llibre |
| Idioma: | espanyol |
| Publicat: |
México :
Instituto Nacional de Bellas Artes,
1977, c1977
|
| Matèries: | |
| Etiquetes: |
Sense etiquetes, Sigues el primer a etiquetar aquest registre!
|
MARC
| LEADER | 00000nam^a2200000^a^4500 | ||
|---|---|---|---|
| 001 | 000184795 | ||
| 005 | 20250521000000.0 | ||
| 009 | 20260310102126.966 | ||
| 037 | |a Acervo ITESO - Biblioteca | ||
| 041 | |a ESP | ||
| 082 | |a 709. 72 |b BIE GRA 1977 | ||
| 111 | |a Bienal de Gráfica ( |d 1977 : |c Instituto Nacional de Bellas Artes) | ||
| 240 | 1 | 1 | |a [Salón Nacional de Artes Plásticas] |
| 245 | 1 | 0 | |a Salón Nacional de Artes Plásticas : |b Sección Bienal de Gráfica : México, 1977 / |c Texto de A. Beltrán, J. Gutiérrez Haces ; presen. de O. Urrutia. |
| 264 | 4 | |a México : |b Instituto Nacional de Bellas Artes, |c 1977, c1977 | |
| 300 | |a 131 p. | ||
| 336 | |a texto |b txt |2 rdacontenido | ||
| 337 | |a sin mediación |b n |2 rdamedio | ||
| 338 | |a volumen |b nc |2 rdasoporte | ||
| 649 | |a XX | ||
| 650 | |a Fotógrafos Mexicanos - |x Premios | ||
| 650 | |a Grabadores Mexicanos - |x Premios | ||
| 650 | |a Pintores Mexicanos - |x Premios | ||
| 650 | |a Artistas Mexicanos - |x Premios | ||
| 650 | |a Dibujo - |z México - |x Concursos | ||
| 650 | |a Dibujo - |z México - |x Premios | ||
| 650 | |a Dibujo - |z México - |x Exposiciones | ||
| 650 | |a Dibujo - |z México - |x 1970-1979 | ||
| 650 | |a Dibujo - |z México - |y Sglo XX | ||
| 650 | |a Dibujo - |z México - |x Historia y Crítica | ||
| 650 | |a Fotografía Mexicana - |x Concursos | ||
| 650 | |a Fotografía Mexicana - |x Premios | ||
| 650 | |a Fotografía Mexicana - |x Exposiciones | ||
| 650 | |a Fotografía Mexicana - |y 1970-1979 | ||
| 650 | |a Fotografía Mexicana - |y Siglo XX | ||
| 650 | |a Fotografía Mexicana - |x Historia y Crítica | ||
| 650 | |a Pintura Mexicana - |x Concursos | ||
| 650 | |a Pintura Mexicana - |x Premios | ||
| 650 | |a Pintura Mexicana - |x Exposiciones | ||
| 650 | |a Pintura Mexicana - |y 1970-1979 | ||
| 650 | |a Pintura Mexicana - |y Siglo XX | ||
| 650 | |a Pintura Mexicana - |x Historia y Crítica | ||
| 650 | |a Arte Mexicano - |x Concursos | ||
| 650 | |a Arte Mexicano - |x Premios - |x Tema Principal | ||
| 650 | |a Arte Mexicano - |x Exposiciones | ||
| 650 | |a Arte Mexicano - |y 1970-1979 | ||
| 650 | |a Arte Mexicano - |y Siglo XX | ||
| 650 | |a Arte Mexicano - |x Historia y Crítica | ||
| 700 | |a Beltrán, Alberto |e (texto) | ||
| 700 | |a Gutiérrez Haces, Juana |e (texto) | ||
| 700 | |a Urrutia, Oscar |e (presentación) | ||
| 910 | |a Fondo Julio de la Peña Lomelín | ||
| 920 | |a Impresos - Libros | ||
| 930 | |a Arquitectos Jaliscienses | ||
| 905 | |a 115 | ||
| 901 | |a 0500125797 |b IT1 |c JAL |u 20250521 | ||
| 902 | |a https://opac.biblio.iteso.mx/vufind/Record/000184795 | ||